Normal view
MARC view
Entry Personal Name
001 - CONTROL NUMBER
- control field: 12779
003 - CONTROL NUMBER IDENTIFIER
- control field: BD-RjUL
005 - DATE AND TIME OF LATEST TRANSACTION
- control field: 20240430115551.0
008 - FIXED-LENGTH DATA ELEMENTS
- fixed length control field: 240430|| aca||aabn | a|a d
040 ## - CATALOGING SOURCE
- Original cataloging agency: BD-RjUL
- Transcribing agency: BD-RjUL
100 ## - HEADING--PERSONAL NAME
- Personal name: Siddique, Md. Nuru Alam
670 ## - SOURCE DATA FOUND
- Source citation: Work cat.: (BD-RjUL)83617: Siddique, Md. Nuru Alam, Endangered Medicinal Plants in the Brind Tract and Biotechnological Approaches for their Conservation /, 2005